<?xml version="1.0" encoding="UTF-8"?>
<record
    xmlns:xsi="http://www.w3.org/2001/XMLSchema-instance"
    xsi:schemaLocation="http://www.loc.gov/MARC21/slim http://www.loc.gov/standards/marcxml/schema/MARC21slim.xsd"
    xmlns="http://www.loc.gov/MARC21/slim">

  <leader>00374nam a22001457a 4500</leader>
  <controlfield tag="008">221005b        |||||||| |||| 00| 0 eng d</controlfield>
  <datafield tag="020" ind1=" " ind2=" ">
    <subfield code="a">1526847124</subfield>
  </datafield>
  <datafield tag="050" ind1=" " ind2=" ">
    <subfield code="a">R726.7</subfield>
    <subfield code="b">.O33 2019 </subfield>
  </datafield>
  <datafield tag="100" ind1=" " ind2=" ">
    <subfield code="a">Ogden, Jane</subfield>
  </datafield>
  <datafield tag="245" ind1=" " ind2=" ">
    <subfield code="a">Health psychology/</subfield>
    <subfield code="c">Jane Ogden</subfield>
  </datafield>
  <datafield tag="250" ind1=" " ind2=" ">
    <subfield code="a">6th ed.</subfield>
  </datafield>
  <datafield tag="260" ind1=" " ind2=" ">
    <subfield code="a">London</subfield>
    <subfield code="b">McGraw Hill</subfield>
    <subfield code="c">2019</subfield>
  </datafield>
  <datafield tag="300" ind1=" " ind2=" ">
    <subfield code="a">xxiii, 515p.</subfield>
    <subfield code="b">Col.ill.</subfield>
  </datafield>
  <datafield tag="942" ind1=" " ind2=" ">
    <subfield code="2">lcc</subfield>
    <subfield code="c">BK</subfield>
  </datafield>
  <datafield tag="999" ind1=" " ind2=" ">
    <subfield code="c">19642</subfield>
    <subfield code="d">19641</subfield>
  </datafield>
  <datafield tag="952" ind1=" " ind2=" ">
    <subfield code="0">0</subfield>
    <subfield code="1">0</subfield>
    <subfield code="2">lcc</subfield>
    <subfield code="7">0</subfield>
    <subfield code="a">KABU</subfield>
    <subfield code="b">KABU</subfield>
    <subfield code="d">2022-10-05</subfield>
    <subfield code="g">5218.00</subfield>
    <subfield code="i">0837/2022</subfield>
    <subfield code="l">0</subfield>
    <subfield code="o">R726.7 .O33 2019  C.1</subfield>
    <subfield code="p">032362</subfield>
    <subfield code="r">2022-10-05 00:00:00</subfield>
    <subfield code="t">C.1</subfield>
    <subfield code="w">2022-10-05</subfield>
    <subfield code="y">BK</subfield>
  </datafield>
  <datafield tag="952" ind1=" " ind2=" ">
    <subfield code="0">0</subfield>
    <subfield code="1">0</subfield>
    <subfield code="2">lcc</subfield>
    <subfield code="7">0</subfield>
    <subfield code="a">KABU</subfield>
    <subfield code="b">KABU</subfield>
    <subfield code="d">2022-10-05</subfield>
    <subfield code="g">5218.00</subfield>
    <subfield code="i">1046/2022</subfield>
    <subfield code="l">0</subfield>
    <subfield code="o">R726.7 .O33 2019   C.2</subfield>
    <subfield code="p">032577</subfield>
    <subfield code="r">2022-10-05 00:00:00</subfield>
    <subfield code="t">C.2</subfield>
    <subfield code="w">2022-10-05</subfield>
    <subfield code="y">BK</subfield>
  </datafield>
  <datafield tag="952" ind1=" " ind2=" ">
    <subfield code="0">0</subfield>
    <subfield code="1">0</subfield>
    <subfield code="2">lcc</subfield>
    <subfield code="7">0</subfield>
    <subfield code="a">KABU</subfield>
    <subfield code="b">KABU</subfield>
    <subfield code="d">2022-10-05</subfield>
    <subfield code="g">5218.00</subfield>
    <subfield code="i">0785/2022</subfield>
    <subfield code="l">0</subfield>
    <subfield code="o">R726.7 .O33 2019  C.3</subfield>
    <subfield code="p">032283</subfield>
    <subfield code="r">2022-10-05 00:00:00</subfield>
    <subfield code="t">C.3</subfield>
    <subfield code="w">2022-10-05</subfield>
    <subfield code="y">BK</subfield>
  </datafield>
  <datafield tag="952" ind1=" " ind2=" ">
    <subfield code="0">0</subfield>
    <subfield code="1">0</subfield>
    <subfield code="2">lcc</subfield>
    <subfield code="7">0</subfield>
    <subfield code="a">KABU</subfield>
    <subfield code="b">KABU</subfield>
    <subfield code="d">2022-10-05</subfield>
    <subfield code="g">5218.00</subfield>
    <subfield code="i">0786/2022</subfield>
    <subfield code="l">0</subfield>
    <subfield code="o">R726.7 .O33 2019  C.4</subfield>
    <subfield code="p">032285</subfield>
    <subfield code="r">2022-10-05 00:00:00</subfield>
    <subfield code="t">C.4</subfield>
    <subfield code="w">2022-10-05</subfield>
    <subfield code="y">BK</subfield>
  </datafield>
</record>
